Online
Catalog

Superintendencia de bancos de la República Dominicana 65 años de historia / (Record no. 45719)

MARC details
000 -CABECERA
campo de control de longitud fija 01608nam a2200265 a 4500
001 - NÚMERO DE CONTROL
campo de control 000046230
003 - IDENTIFICADOR DEL NÚMERO DE CONTROL
campo de control DO-SdBNP
005 - FECHA Y HORA DE LA ÚLTIMA TRANSACCIÓN
campo de control 20240302073951.0
007 - CAMPO FIJO DE DESCRIPCIÓN FÍSICA--INFORMACIÓN GENERAL
campo de control de longitud fija ta
008 - DATOS DE LONGITUD FIJA--INFORMACIÓN GENERAL
campo de control de longitud fija 150708s2013 dr ac 000 0 spa d
020 ## - NÚMERO INTERNACIONAL ESTÁNDAR DEL LIBRO
ISBN cancelado o inválido 978994508
040 ## - FUENTE DE LA CATALOGACIÓN
Centro catalogador/agencia de origen DO-SdBNP
Lengua de catalogación spa
Centro/agencia transcriptor BNPHU
082 #4 - NÚMERO DE LA CLASIFICACIÓN DECIMAL DEWEY
Número de edición 22
100 1# - ENTRADA PRINCIPAL--NOMBRE DE PERSONA
Nombre de persona Cassá, Roberto,
Fechas asociadas al nombre 1948-
9 (RLIN) 10888
245 10 - MENCIÓN DE TÍTULO
Título Superintendencia de bancos de la República Dominicana 65 años de historia /
Mención de responsabilidad, etc. Roberto Cassá ; edición Ángela Peña ; colaboración especial Luis Marcos Soto ; coordinación general Mónica Bernard.
260 ## - PUBLICACIÓN, DISTRIBUCIÓN, ETC.
Lugar de publicación, distribución, etc. Santo Domingo :
Nombre del editor, distribuidor, etc. Superintendencia de Bancos de la República Dominicana,
Fecha de publicación, distribución, etc. 2013.
300 ## - DESCRIPCIÓN FÍSICA
Extensión 348 p. :
Otras características físicas il., retrs. ;
Dimensiones 28 cm.
500 ## - NOTA GENERAL
Nota general Incluye índice onomástico
500 ## - NOTA GENERAL
Nota general Incluye referencias bibliográficas y notas al pie de las páginas.
505 0# - NOTA DE CONTENIDO CON FORMATO
Nota de contenido con formato Presentación --
Título Introducción --
Información miscelánea Capítulo I
Título Antecedentes --
Información miscelánea Capítulo II
Título Creación de la Superintendencia de bancos --
Información miscelánea Capítulo III
Título Evaluación durante la última etapa de trujillo --
Información miscelánea Capítulo lV
Título Recomposición bancaria --
Información miscelánea Capítulo V
Título Expanción del sistema financiero --
Información miscelánea Capítulo VI
Título Reforma nueva crisis --
Información miscelánea Capítulo VII
Título Redefinición: Supervición basada en riesgos --
Información miscelánea Anexo I
Título Cronología de los Superintendentes --
Información miscelánea Anexo II
Título Semblanzas de los Superintendentes --
Información miscelánea Anexo III
Título Cronología de los intendentes generales --
Información miscelánea Anexo IV
Título Semblanzas de tres intendentes generales --
-- Indice de cuadros.
590 ## - NOTA LOCAL (RLIN)
Nota local Inventariado, 2022/BT
700 1# - PUNTO DE ACCESO ADICIONAL--NOMBRE DE PERSONA
Nombre de persona Peña, Ángela,
Término indicativo de función/relación ed.
9 (RLIN) 37722
700 1# - PUNTO DE ACCESO ADICIONAL--NOMBRE DE PERSONA
Nombre de persona Bernard, Mónica,
Término indicativo de función/relación coord.
9 (RLIN) 74266
942 ## - ELEMENTOS DE PUNTO DE ACCESO ADICIONAL (KOHA)
Fuente del sistema de clasificación o colocación Dewey Decimal Classification
Tipo de ítem Koha Libro
Holdings
Estado de retiro Estado de pérdida Fuente del sistema de clasificación o colocación Restricciones de uso No para préstamo Código de colección Localización permanente Ubicación/localización actual Ubicación en estantería Fecha de adquisición Código de barras Fecha visto por última vez Precio válido a partir de Tipo de ítem Koha Nota pública Número de copia Fuente de adquisición Total de préstamos
    Dewey Decimal Classification Préstamo restringido   Patrimonio Dominicano Biblioteca Nacional Pedro Henríquez Ureña Biblioteca Nacional Pedro Henríquez Ureña En catalogación 08.07.2015 46230-10 25.06.2020 25.06.2020 Libro Perteneció a la biblioteca personal de Chiqui Vicioso / Fidelio Despradel.      
    Dewey Decimal Classification Préstamo restringido   Patrimonio Dominicano Biblioteca Nacional Pedro Henríquez Ureña Biblioteca Nacional Pedro Henríquez Ureña En catalogación 01.04.2019 46230-20 25.06.2020 25.06.2020 Libro   e.2    
    Dewey Decimal Classification Préstamo en sala   Dominicana de Servicio Biblioteca Nacional Pedro Henríquez Ureña Biblioteca Nacional Pedro Henríquez Ureña En catalogación 19.05.2022 2022-2220 19.05.2022 19.05.2022 Libro   e.3 Donación  
    Dewey Decimal Classification Préstamo en sala   Dominicana de Servicio Biblioteca Nacional Pedro Henríquez Ureña Biblioteca Nacional Pedro Henríquez Ureña En catalogación 19.05.2022 2022-2221 19.05.2022 19.05.2022 Libro   e.4 Donación  

Powered by Koha